书目信息 |
| 题名: |
边坡工程
|
|
| 作者: | 刘兴远 , 雷用 , 康景文 编著 | |
| 分册: | ||
| 出版信息: | 北京 中国建筑工业出版社 2007.12 |
|
| 页数: | 360页 | |
| 开本: | 26cm | |
| 丛书名: | ||
| 单 册: | ||
| 中图分类: | U416.1 | |
| 科图分类: | ||
| 主题词: | 边坡--bian po--道路工程 | |
| 电子资源: | ||
| ISBN: | 978-7-112-09566-7 | |
| 000 | 01017nam0 2200277 450 | |
| 001 | 012008867275 | |
| 005 | 20080419133749.04 | |
| 010 | @a978-7-112-09566-7@dCNY39.00 | |
| 100 | @a20080419d2007 em y0chiy0120 ea | |
| 101 | 0 | @achi |
| 102 | @aCN@b110000 | |
| 105 | @aa a 000yy | |
| 106 | @ar | |
| 200 | 1 | @a边坡工程@Abian po gong cheng@e设计·监测·鉴定与加固@f刘兴远, 雷用, 康景文编著@Fliu xing yuan,lei yong,kang jing wen bian zhu |
| 210 | @a北京@c中国建筑工业出版社@d2007.12 | |
| 215 | @a360页@c图@d26cm | |
| 320 | @a有书目 (第359-360页) | |
| 330 | @a全书共分3篇5章,全面叙述了边坡工程设计、检测、监测、鉴定、验收和边坡工程排危处理、加固等实用技术,并列举大量的工程实例。 | |
| 517 | 1 | @a设计·监测·鉴定与加固@Ashe ji·jian ce·jian ding yu jia gu |
| 606 | 0 | @a边坡@Abian po@x道路工程 |
| 690 | @aU416.1@v4 | |
| 701 | 0 | @a刘兴远@Aliu xing yuan@4编著 |
| 701 | 0 | @a雷用@Alei yong@4编著 |
| 701 | 0 | @a康景文@Akang jing wen@4编著 |
| 801 | 0 | @aCN@bQSSK@c20080419 |
| 905 | @b293175-76@dU416.1@eL698@f2 | |
| 边坡工程:设计·监测·鉴定与加固/刘兴远, 雷用, 康景文编著.-北京:中国建筑工业出版社,2007.12 |
| 360页:图;26cm |
| ISBN 978-7-112-09566-7:CNY39.00 |
| 全书共分3篇5章,全面叙述了边坡工程设计、检测、监测、鉴定、验收和边坡工程排危处理、加固等实用技术,并列举大量的工程实例。 |
| ● |
| 相关链接 |
|
|
|
正题名:边坡工程
索取号:U416.1/L698
 
预约/预借
| 序号 | 登录号 | 条形码 | 馆藏地/架位号 | 状态 | 备注 |
| 1 | 293175 | 202931756 | 自科库501/501自科库 53排1列4层/ [索取号:U416.1/L698] | 在馆 | |
| 2 | 293176 | 202931765 | 自科库501/501自科库 53排1列4层/ [索取号:U416.1/L698] | 在馆 |